[Event "Belgrade Jezero op 10th"]
[Site "Belgrade"]
[Date "2004.08.25"]
[Round "9"]
[White "Cobic, Vladimir"]
[Black "Sahovic, Dragutin"]
[Result "1/2-1/2"]
[WhiteElo "2383"]
[BlackElo "2281"]
[PlyCount "37"]
[EventDate "2004.08.17"]
[EventType "swiss"]
[EventRounds "9"]
[EventCountry "YUG"]
[SourceTitle "EXT 2005"]
[Source "ChessBase"]
[SourceDate "2004.11.15"]
[SourceVersion "1"]
[SourceVersionDate "2004.11.15"]
[SourceQuality "1"]

1. e4 e6 2. d4 d5 3. e5 c5 4. dxc5 Nc6 5. Nf3 Bxc5 6. a3 Nge7 7. b4 Bb6 8. b5 Na5 9. Bd3 Bd7 10. 0-0 Ng6 11. a4 Qc7 12. Re1 Nc4 13. Bxc4 Qxc4 14. Nbd2 Qc3 15. Nb3 Rc8 16. a5 Bd8 17. Nfd4 0-0 18. Re3 Qc7 19. Qh5 1/2-1/2

[Event "Belgrade Jezero op 10th"]
[Site "Belgrade"]
[Date "2004.08.19"]
[Round "3"]
[White "Savic, Dragoljub"]
[Black "Sahovic, Dragutin"]
[Result "1-0"]
[WhiteElo "2137"]
[BlackElo "2281"]
[PlyCount "107"]
[EventDate "2004.08.17"]
[EventType "swiss"]
[EventRounds "9"]
[EventCountry "YUG"]
[SourceTitle "EXT 2005"]
[Source "ChessBase"]
[SourceDate "2004.11.15"]
[SourceVersion "1"]
[SourceVersionDate "2004.11.15"]
[SourceQuality "1"]

1. d4 Nf6 2. c4 g6 3. Nc3 Bg7 4. e4 d6 5. Nf3 0-0 6. Be2 Nbd7 7. 0-0 e5 8. Re1 exd4 9. Nxd4 Nc5 10. f3 a5 11. Be3 c6 12. Qd2 a4 13. b4 axb3 14. axb3 Rxa1 15. Rxa1 Qb6 16. Rb1 Qb4 17. Nc2 Qa5 18. b4 Ncxe4 19. bxa5 Nxd2 20. Bxd2 Re8 21. Bd3 Nd7 22. Re1 Rd8 23. Na4 Ne5 24. Bf1 Be6 25. Nb6 c5 26. Ne3 Nc6 27. Ned5 h5 28. Bd3 Nd4 29. Bg5 Re8 30. Nf6+ Bxf6 31. Bxf6 Nc6 32. Bc3 Rb8 33. Be4 Ne7 34. Bd5 Nxd5 35. cxd5 Bf5 36. Re7 Kf8 37. Bf6 Kg8 38. Kf2 Bd3 39. Rd7 Ba6 40. Rxd6 Re8 41. Rd8 Rxd8 42. Bxd8 Kf8 43. Bf6 Ke8 44. d6 Bb5 45. Ke3 Bc6 46. Kd3 Bb5+ 47. Kc3 c4 48. g3 g5 49. h4 gxh4 50. gxh4 Bc6 51. Kxc4 Bd7 52. Nxd7 Kxd7 53. Kc5 Kc8 54. Kb6 1-0

[Event "Belgrade Jezero op 10th"]
[Site "Belgrade"]
[Date "2004.08.18"]
[Round "2"]
[White "Sahovic, Dragutin"]
[Black "Petrovic, Petar"]
[Result "1-0"]
[WhiteElo "2281"]
[BlackElo "2157"]
[PlyCount "81"]
[EventDate "2004.08.17"]
[EventType "swiss"]
[EventRounds "9"]
[EventCountry "YUG"]
[SourceTitle "EXT 2005"]
[Source "ChessBase"]
[SourceDate "2004.11.15"]
[SourceVersion "1"]
[SourceVersionDate "2004.11.15"]
[SourceQuality "1"]

1. e4 d5 2. exd5 Qxd5 3. Nc3 Qd8 4. d4 c6 5. Nf3 Nf6 6. Bg5 Bg4 7. Be2 Nbd7 8. h3 Bxf3 9. Bxf3 e6 10. Qe2 Be7 11. 0-0-0 Nb6 12. h4 Nfd5 13. Ne4 h6 14. Bxe7 Qxe7 15. g3 0-0-0 16. c4 Nf6 17. c5 Nbd5 18. Nd6+ Kb8 19. Rhe1 Ne8 20. Nxe8 Rhxe8 21. Qe5+ Qc7 22. Qxg7 Qa5 23. a3 Nc7 24. Qxh6 Rxd4 25. Kb1 Qxc5 26. Rxd4 Qxd4 27. Qe3 Qxe3 28. Rxe3 Nd5 29. Re1 Kc7 30. h5 Rh8 31. g4 Kd6 32. Kc2 f6 33. Kd3 a5 34. Rh1 Rh6 35. Bxd5 cxd5 36. f4 e5 37. g5 fxg5 38. fxg5 Rh8 39. g6 Ke7 40. g7 Rc8 41. Rf1 1-0

[Event "Belgrade Spring op"]
[Site "Belgrade"]
[Date "2003.04.01"]
[Round "8"]
[White "Sahovic, Dragutin"]
[Black "Dakic, Dejan"]
[Result "0-1"]
[WhiteElo "2348"]
[BlackElo "2143"]
[PlyCount "58"]
[EventDate "2003.03.25"]
[EventType "swiss"]
[EventRounds "9"]
[EventCountry "YUG"]
[SourceTitle "CBM 093 Extra"]
[Source "ChessBase"]
[SourceDate "2003.05.09"]
[SourceVersion "1"]
[SourceVersionDate "2003.05.09"]
[SourceQuality "1"]

1. d4 d5 2. c4 Nc6 3. cxd5 Qxd5 4. e3 e5 5. Nc3 Bb4 6. Bd2 Bxc3 7. bxc3 Nf6 8. c4 Qd6 9. d5 Ne7 10. Rb1 a5 11. Qc2 Nd7 12. e4 Nc5 13. Ne2 Nxe4 14. Be3 b6 15. f3 Nc5 16. Rb5 Na6 17. Nc3 Nb4 18. Qa4 0-0 19. c5 Qg6 20. d6 Nf5 21. Bf2 Nd4 22. Bxd4 exd4 23. Ne4 Bd7 24. dxc7 bxc5 25. Nxc5 Qb1+ 26. Kf2 Rfe8 27. g4 Qe1+ 28. Kg2 Bc6 29. Qb3 Re2+ 0-1

[Event "Budapest FS06 GM"]
[Site "Budapest"]
[Date "2002.06.09"]
[Round "9"]
[White "Sahovic, Dragutin"]
[Black "Bakre, Tejas"]
[Result "1-0"]
[WhiteElo "2371"]
[BlackElo "2458"]
[PlyCount "88"]
[EventDate "2002.06.01"]
[EventType "tourn"]
[EventRounds "13"]
[EventCountry "HUN"]
[EventCategory "8"]
[SourceTitle "CBM 088 Extra"]
[Source "ChessBase"]
[SourceDate "2002.07.01"]
[SourceVersion "2"]
[SourceVersionDate "2002.07.01"]
[SourceQuality "1"]

1. d4 Nf6 2. Bg5 e6 3. e4 h6 4. Bxf6 Qxf6 5. Nf3 d6 6. Nc3 a6 7. Bd3 Nd7 8. Qe2 c5 9. e5 Qd8 10. exd6 Bxd6 11. d5 Nf6 12. 0-0-0 0-0 13. dxe6 Bxe6 14. Ne4 Bf4+ 15. Kb1 Re8 16. Bc4 Bd7 17. Nxf6+ Qxf6 18. Qf1 Rad8 19. Bd5 b5 20. g3 Bc7 21. h3 Bf5 22. Nh4 Bh7 23. f4 Re3 24. Qf2 Qe7 25. Bf3 Re8 26. Ng2 Re6 27. g4 Be4 28. f5 Re5 29. a3 Ba5 30. Nf4 Bxf3 31. Qxf3 Re3 32. Qc6 Qe4 33. Nd5 Re2 34. Qxc5 Rd8 35. Rhf1 Qe8 36. f6 g5 37. b4 Kh8 38. bxa5 Rc8 39. Qd4 Rcxc2 40. Nb4 Rb2+ 41. Qxb2 Rxb2+ 42. Kxb2 Qe5+ 43. Kb3 Qe2 44. Rd8+ Kh7 1-0

[Event "Budapest FS06 GM"]
[Site "Budapest"]
[Date "2002.06.03"]
[Round "3"]
[White "Sahovic, Dragutin"]
[Black "Dembo, Yelena"]
[Result "1/2-1/2"]
[WhiteElo "2371"]
[BlackElo "2363"]
[PlyCount "132"]
[EventDate "2002.06.01"]
[EventType "tourn"]
[EventRounds "13"]
[EventCountry "HUN"]
[EventCategory "8"]
[SourceTitle "CBM 088 Extra"]
[Source "ChessBase"]
[SourceDate "2002.07.01"]
[SourceVersion "2"]
[SourceVersionDate "2002.07.01"]
[SourceQuality "1"]

1. d4 Nf6 2. c4 g6 3. Nc3 Bg7 4. e4 d6 5. Nf3 0-0 6. Be2 e5 7. Be3 Ng4 8. Bg5 f6 9. Bh4 g5 10. Bg3 Nh6 11. dxe5 dxe5 12. Qxd8 Rxd8 13. Nd5 Rd7 14. c5 c6 15. Ne3 Bf8 16. Rc1 Na6 17. Bxa6 bxa6 18. Nd2 Rb7 19. Nb3 Be6 20. Nc4 Rb4 21. Nbd2 Rb5 22. a4 Rb4 23. b3 Rd8 24. Na5 Rbd4 25. Rc2 R4d7 26. f3 Rc8 27. Ke2 Be7 28. Rd1 Bd8 29. Nac4 Bc7 30. Bf2 Nf7 31. Nb1 Rxd1 32. Kxd1 Rb8 33. Nbd2 Kf8 34. Rc3 Ke7 35. Ke2 h5 36. Rd3 h4 37. Ne3 Nh8 38. Nf5+ Kf8 39. g3 hxg3 40. hxg3 Ng6 41. Be1 Kf7 42. Nd6+ Ke7 43. N2c4 Bxc4 44. Nxc4 Rd8 45. Rxd8 Kxd8 46. Ne3 Nf8 47. Nf5 Ne6 48. Bf2 Ba5 49. Kd3 Bb4 50. Kc4 a5 51. Be3 Kd7 52. Nh6 Ke7 53. Bf2 Bd2 54. Nf5+ Kd7 55. Nd6 Bb4 56. Be3 Be1 57. Nf5 Bb4 58. Bf2 Bd2 59. Nh6 Ke7 60. Ng4 Kf7 61. Nh2 Bb4 62. Nf1 Ke8 63. Be3 Kd7 64. Nh2 Be1 65. Nf1 Bb4 66. Bf2 Ke8 1/2-1/2

[Event "Belgrade TS10 GM"]
[Site "Belgrade"]
[Date "2001.10.21"]
[Round "2"]
[White "Sahovic, Dragutin"]
[Black "Kosanovic, Goran A"]
[Result "1/2-1/2"]
[WhiteElo "2387"]
[BlackElo "2442"]
[PlyCount "90"]
[EventDate "2001.10.20"]
[EventType "tourn"]
[EventRounds "11"]
[EventCountry "YUG"]
[EventCategory "7"]
[SourceTitle "EXT 2002"]
[Source "ChessBase"]
[SourceDate "2001.11.25"]
[SourceVersion "1"]
[SourceVersionDate "2001.11.25"]
[SourceQuality "1"]

1. c4 c5 2. Nf3 Nc6 3. Nc3 g6 4. g3 Bg7 5. Bg2 e5 6. 0-0 Nge7 7. a3 d6 8. Rb1 a5 9. d3 0-0 10. Nd2 Be6 11. Nd5 Rb8 12. e3 b6 13. b3 Bf5 14. Qc2 Qd7 15. Ne4 Nxd5 16. cxd5 Ne7 17. Nd2 Bh3 18. e4 Bxg2 19. Kxg2 b5 20. a4 bxa4 21. bxa4 Rxb1 22. Nxb1 f5 23. Na3 f4 24. f3 g5 25. Nc4 Ng6 26. g4 h5 27. h3 hxg4 28. hxg4 Nh4+ 29. Kf2 Rf6 30. Bd2 Rh6 31. Qd1 Ng6 32. Rh1 Rxh1 33. Qxh1 Nh4 34. Qd1 Bf8 35. Bxa5 Qh7 36. Bd8 Ng6 37. Qg1 Qd7 38. Bxg5 Qxa4 39. Qe1 Qa2+ 40. Qe2 Qa7 41. Qb2 Nh8 42. Bf6 Nf7 43. Qb1 Be7 44. Bxe7 Qxe7 45. Qh1 Qa7 1/2-1/2

[Event "Belgrade TS08 IM"]
[Site "Belgrade"]
[Date "2001.08.20"]
[Round "5"]
[White "Sahovic, Dragutin"]
[Black "Babic, Marijana"]
[Result "1-0"]
[WhiteElo "2420"]
[BlackElo "2141"]
[PlyCount "93"]
[EventDate "2001.08.16"]
[EventType "tourn"]
[EventRounds "10"]
[EventCountry "YUG"]
[EventCategory "2"]
[SourceTitle "EXT 2002"]
[Source "ChessBase"]
[SourceDate "2001.11.25"]
[SourceVersion "1"]
[SourceVersionDate "2001.11.25"]
[SourceQuality "1"]

1. d4 d5 2. c4 dxc4 3. Nf3 Nf6 4. Qa4+ c6 5. Qxc4 Bf5 6. Nc3 e6 7. e3 Nbd7 8. Nh4 Be7 9. Nxf5 exf5 10. Bd3 g6 11. 0-0 0-0 12. Rd1 c5 13. Be2 Rc8 14. d5 Ne5 15. Qb3 Qd7 16. h3 Ne4 17. f4 c4 18. Qc2 Nd3 19. Bxd3 cxd3 20. Qxd3 Nxc3 21. bxc3 Bc5 22. Kh1 Rfe8 23. Bd2 Re4 24. c4 Qe7 25. Re1 Ba3 26. Bc1 Bb4 27. Re2 Rcxc4 28. Bb2 Bd6 29. Rd1 Rc8 30. g3 Re8 31. Bd4 Bc5 32. Be5 f6 33. d6 Qe6 34. d7 Rd8 35. Bc7 Qc6 36. Qd5+ Qxd5 37. Rxd5 Be7 38. Bxd8 Bxd8 39. Kg2 Kf7 40. Kf3 Ke7 41. Rc2 Bb6 42. Rd3 Bd8 43. g4 b6 44. gxf5 gxf5 45. Rg2 Kf7 46. Rd1 Re7 47. Rdg1 1-0

[Event "Belgrade TS06 GM"]
[Site "Belgrade"]
[Date "2001.06.19"]
[Round "4"]
[White "Pap, Misa"]
[Black "Sahovic, Dragutin"]
[Result "1/2-1/2"]
[WhiteElo "2416"]
[BlackElo "2446"]
[PlyCount "54"]
[EventDate "2001.06.16"]
[EventType "tourn"]
[EventRounds "11"]
[EventCountry "YUG"]
[EventCategory "8"]
[SourceTitle "EXT 2002"]
[Source "ChessBase"]
[SourceDate "2001.11.25"]
[SourceVersion "1"]
[SourceVersionDate "2001.11.25"]
[SourceQuality "1"]

1. e4 c5 2. c3 d5 3. exd5 Qxd5 4. d4 Nf6 5. Nf3 e6 6. a3 Nc6 7. Bd3 cxd4 8. cxd4 Be7 9. Nc3 Qd6 10. 0-0 0-0 11. Be3 Bd7 12. b4 Rfd8 13. Qb3 Be8 14. Rfd1 Rac8 15. Rac1 a6 16. h3 Qb8 17. Qc2 h6 18. Qa2 Bd6 19. d5 exd5 20. Bf5 Bd7 21. Bxd7 Rxd7 22. Nxd5 Nxd5 23. Rxd5 Ne7 24. Rdd1 Rxc1 25. Rxc1 Bf4 26. Qb3 Bxe3 27. Qxe3 Nc6 1/2-1/2

[Event "Belgrade TS04 GM"]
[Site "Belgrade"]
[Date "2001.05.01"]
[Round "11"]
[White "Sahovic, Dragutin"]
[Black "Milanovic, Danilo"]
[Result "0-1"]
[WhiteElo "2446"]
[BlackElo "2421"]
[PlyCount "126"]
[EventDate "2001.04.21"]
[EventType "tourn"]
[EventRounds "10"]
[EventCountry "YUG"]
[EventCategory "8"]
[SourceTitle "CBM 082 Extra"]
[Source "ChessBase"]
[SourceDate "2001.07.03"]
[SourceVersion "1"]
[SourceVersionDate "2001.07.03"]
[SourceQuality "1"]

1. d4 Nf6 2. c4 c5 3. Nf3 cxd4 4. Nxd4 e5 5. Nb5 d5 6. cxd5 a6 7. N5c3 Bc5 8. e3 0-0 9. Bc4 e4 10. 0-0 Re8 11. Ne2 Nbd7 12. Nbc3 h5 13. Nf4 h4 14. Be2 Qe7 15. Bd2 Bd6 16. g3 Ne5 17. f3 exf3 18. Bxf3 hxg3 19. hxg3 Nxf3+ 20. Qxf3 Bg4 21. Qf2 Rac8 22. Rae1 Ne4 23. Nxe4 Qxe4 24. Qg2 Qxg2+ 25. Kxg2 Rc2 26. Rf2 Rxb2 27. Bc3 Rxf2+ 28. Kxf2 Rc8 29. Bd4 Rc2+ 30. Kg1 g5 31. Nd3 Bxg3 32. Rb1 Bh2+ 33. Kf1 Be2+ 34. Ke1 Bxd3 35. Rxb7 Bg3+ 36. Kd1 Rc8 37. Kd2 Be4 38. Rd7 Kf8 39. d6 Ke8 40. Re7+ Kf8 41. Rxe4 Bxd6 42. Bf6 Rc5 43. Ra4 a5 44. e4 Be7 45. Bc3 Bd8 46. Kd3 Ke7 47. Bd4 Rc6 48. Ra3 Ke6 49. Rb3 a4 50. Rb8 Be7 51. Rb5 f6 52. a3 Ra6 53. Bb2 Bd8 54. Bc1 Rb6 55. Rc5 Be7 56. Ra5 Bxa3 57. Be3 Rb3+ 58. Ke2 Rb4 59. Kd3 Bb2 60. Bc5 Rb3+ 61. Kc4 Rc3+ 62. Kb4 a3 63. Ra6+ Kf7 0-1

[Event "Belgrade TS04 GM"]
[Site "Belgrade"]
[Date "2001.04.22"]
[Round "2"]
[White "Sahovic, Dragutin"]
[Black "Narciso Dublan, Marc"]
[Result "1/2-1/2"]
[WhiteElo "2446"]
[BlackElo "2544"]
[PlyCount "114"]
[EventDate "2001.04.21"]
[EventType "tourn"]
[EventRounds "10"]
[EventCountry "YUG"]
[EventCategory "8"]
[SourceTitle "CBM 082 Extra"]
[Source "ChessBase"]
[SourceDate "2001.07.03"]
[SourceVersion "1"]
[SourceVersionDate "2001.07.03"]
[SourceQuality "1"]

1. d4 Nf6 2. Bg5 Ne4 3. Bf4 c5 4. f3 Qa5+ 5. c3 Nf6 6. d5 Qb6 7. b3 g6 8. e4 Bg7 9. Na3 d6 10. Ne2 h5 11. Nc4 Qd8 12. a4 Nbd7 13. Qd2 Nb6 14. Na3 Bd7 15. Rd1 c4 16. a5 Nbxd5 17. exd5 cxb3 18. c4 0-0 19. Nd4 b2 20. Be2 e5 21. dxe6 fxe6 22. Be3 d5 23. 0-0 e5 24. Nb3 d4 25. Bf2 Bf5 26. Qxb2 d3 27. Rfe1 e4 28. Qc1 Nd5 29. cxd5 Rc8 30. Qe3 dxe2 31. Qxe2 Rc3 32. fxe4 Bg4 33. Qd2 Rxb3 34. Nc4 Bxd1 35. Rxd1 Qc7 36. Qe2 Rc3 37. Nd2 Rc1 38. Nf3 Rxd1+ 39. Qxd1 Qxa5 40. h4 Qa1 41. Qxa1 Bxa1 42. Bxa7 Re8 43. d6 Bf6 44. Bb6 Bd8 45. Bxd8 Rxd8 46. e5 Kf7 47. Nd4 Ke8 48. Kf2 Kd7 49. Ke3 Ra8 50. Ke4 Ra2 51. g3 Ra5 52. Nb3 Rb5 53. Nd4 Rc5 54. Nb3 Rc3 55. Nd4 Rc5 56. Nb3 Rc3 57. Nd4 Rc5 1/2-1/2

[Event "YUG-chT 52nd"]
[Site "Novi Sad"]
[Date "2000.08.26"]
[Round "2"]
[White "Sahovic, Dragutin"]
[Black "Antic, Dejan"]
[Result "0-1"]
[WhiteElo "2467"]
[BlackElo "2518"]
[PlyCount "60"]
[EventDate "2000.08.24"]
[EventType "team"]
[EventRounds "11"]
[EventCountry "YUG"]
[SourceTitle "EXT 2001"]
[Source "ChessBase"]
[SourceDate "2000.11.22"]
[SourceVersion "1"]
[SourceVersionDate "2000.11.22"]
[SourceQuality "1"]
[WhiteTeam "Barajevo"]
[BlackTeam "Milicionar"]
[WhiteTeamCountry "YUG"]
[BlackTeamCountry "YUG"]

1. d4 Nf6 2. c4 g6 3. Nc3 Bg7 4. e4 d6 5. f3 0-0 6. Be3 Nbd7 7. Nh3 a6 8. Nf2 c6 9. Qd2 e5 10. d5 cxd5 11. cxd5 Ne8 12. g4 Ndf6 13. 0-0-0 Bd7 14. Kb1 b5 15. Bd3 Nc7 16. Ne2 Qb8 17. Qa5 b4 18. Rc1 Nfe8 19. Rc4 b3 20. a3 Ra7 21. Rhc1 Rb7 22. Rb4 f5 23. gxf5 gxf5 24. Rxb7 Qxb7 25. Qb6 Qxb6 26. Bxb6 Nb5 27. exf5 Bxf5 28. Ne4 Nf6 29. N2g3 Bg6 30. Re1 Nd7 0-1

[Event "Bjeljina Renome"]
[Site "Bijeljina Dvorovi"]
[Date "2000.01.30"]
[Round "5"]
[White "Sahovic, Dragutin"]
[Black "Cabrilo, Goran"]
[Result "1/2-1/2"]
[WhiteElo "2412"]
[BlackElo "2483"]
[PlyCount "20"]
[EventDate "2000.01.26"]
[EventType "tourn"]
[EventRounds "11"]
[EventCountry "YUG"]
[EventCategory "7"]
[SourceTitle "CBM 074 Extra"]
[Source "ChessBase"]
[SourceDate "2000.03.10"]
[SourceVersion "2"]
[SourceVersionDate "2000.03.10"]
[SourceQuality "1"]

1. d4 Nf6 2. c4 e6 3. Nf3 Bb4+ 4. Bd2 Qe7 5. Nc3 0-0 6. g3 d6 7. a3 Bxc3 8. Bxc3 Ne4 9. Qc2 Nxc3 10. Qxc3 Re8 1/2-1/2

[Event "Bjeljina Renome"]
[Site "Bijeljina Dvorovi"]
[Date "2000.01.29"]
[Round "4"]
[White "Petronic, Jovan"]
[Black "Sahovic, Dragutin"]
[Result "0-1"]
[WhiteElo "2423"]
[BlackElo "2412"]
[PlyCount "74"]
[EventDate "2000.01.26"]
[EventType "tourn"]
[EventRounds "11"]
[EventCountry "YUG"]
[EventCategory "7"]
[SourceTitle "CBM 074 Extra"]
[Source "ChessBase"]
[SourceDate "2000.03.10"]
[SourceVersion "2"]
[SourceVersionDate "2000.03.10"]
[SourceQuality "1"]

1. d4 Nf6 2. c4 g6 3. Nc3 Bg7 4. e4 d6 5. f4 0-0 6. Nf3 c5 7. d5 e6 8. dxe6 Bxe6 9. Bd3 Nc6 10. f5 Bd7 11. 0-0 Nd4 12. Bg5 h6 13. Bf4 Bc6 14. Nxd4 cxd4 15. Nd5 Bxd5 16. exd5 g5 17. Bd2 Nd7 18. Qh5 Qf6 19. h4 gxh4 20. Rf4 Ne5 21. Bf1 Qg5 22. Qe2 Bf6 23. Kh1 d3 24. Qf2 h5 25. Re1 Rfe8 26. Ree4 Qg7 27. Rxh4 Bxh4 28. Rxh4 f6 29. Rxh5 Kf7 30. Bh6 Qg4 31. Rh4 Qd1 32. Bg7 Rh8 33. Bh6 Ng4 34. Qf4 Rae8 35. Kg1 Re1 36. Rh3 d2 37. Rd3 Re2 0-1

[Event "Bjeljina Renome"]
[Site "Bijeljina Dvorovi"]
[Date "2000.01.28"]
[Round "3"]
[White "Sahovic, Dragutin"]
[Black "Szuhanek, Ranko"]
[Result "1-0"]
[WhiteElo "2412"]
[BlackElo "2406"]
[PlyCount "65"]
[EventDate "2000.01.26"]
[EventType "tourn"]
[EventRounds "11"]
[EventCountry "YUG"]
[EventCategory "7"]
[SourceTitle "CBM 074 Extra"]
[Source "ChessBase"]
[SourceDate "2000.03.10"]
[SourceVersion "2"]
[SourceVersionDate "2000.03.10"]
[SourceQuality "1"]

1. d4 d5 2. c4 c6 3. Nf3 Nf6 4. Qc2 dxc4 5. Qxc4 Bf5 6. Nc3 e6 7. g3 Nbd7 8. Bg2 Be7 9. 0-0 0-0 10. a3 Ne4 11. Rd1 Nb6 12. Qa2 Nxc3 13. bxc3 Be4 14. a4 Qd5 15. a5 Nc4 16. Bf1 Nd6 17. Ne5 Qxa2 18. Rxa2 f6 19. Nd7 Rfd8 20. Nc5 Bd5 21. Rb2 Nc4 22. Rxb7 Bxc5 23. dxc5 Nxa5 24. Rc7 Nb3 25. Ba3 a5 26. f3 f5 27. e4 fxe4 28. c4 exf3 29. cxd5 Rxd5 30. Rxd5 cxd5 31. c6 Nd4 32. Bb2 Ne2+ 33. Kf2 1-0

[Event "Bjeljina Renome"]
[Site "Bijeljina Dvorovi"]
[Date "2000.01.27"]
[Round "2"]
[White "Genov, Petar"]
[Black "Sahovic, Dragutin"]
[Result "1/2-1/2"]
[WhiteElo "2413"]
[BlackElo "2412"]
[PlyCount "35"]
[EventDate "2000.01.26"]
[EventType "tourn"]
[EventRounds "11"]
[EventCountry "YUG"]
[EventCategory "7"]
[SourceTitle "CBM 074 Extra"]
[Source "ChessBase"]
[SourceDate "2000.03.10"]
[SourceVersion "2"]
[SourceVersionDate "2000.03.10"]
[SourceQuality "1"]

1. d4 Nf6 2. c4 e6 3. Nf3 Bb4+ 4. Bd2 Bxd2+ 5. Qxd2 0-0 6. Nc3 d5 7. e3 Nbd7 8. Rd1 Qe7 9. Qc2 dxc4 10. Bxc4 c5 11. 0-0 Nb6 12. Be2 Bd7 13. Ne5 Rac8 14. Bf3 cxd4 15. Nxd7 Nfxd7 16. exd4 Nf6 17. Qb3 Qc7 18. d5 1/2-1/2

[Event "Bjeljina Renome"]
[Site "Bijeljina Dvorovi"]
[Date "2000.01.26"]
[Round "1"]
[White "Sahovic, Dragutin"]
[Black "Savic, Miodrag R"]
[Result "0-1"]
[WhiteElo "2412"]
[BlackElo "2430"]
[PlyCount "120"]
[EventDate "2000.01.26"]
[EventType "tourn"]
[EventRounds "11"]
[EventCountry "YUG"]
[EventCategory "7"]
[SourceTitle "CBM 074 Extra"]
[Source "ChessBase"]
[SourceDate "2000.03.10"]
[SourceVersion "2"]
[SourceVersionDate "2000.03.10"]
[SourceQuality "1"]

1. d4 Nf6 2. c4 e6 3. Nc3 Bb4 4. Qc2 0-0 5. a3 Bxc3+ 6. Qxc3 Ne4 7. Qc2 f5 8. Nf3 d6 9. g3 Nd7 10. Bg2 Qe8 11. 0-0 Qh5 12. b4 Ndf6 13. Ne1 Ng4 14. h3 Ngf6 15. g4 Qg6 16. Nd3 fxg4 17. Nf4 Qf5 18. hxg4 Qxg4 19. f3 Qg3 20. fxe4 Ng4 21. Rf3 Qh2+ 22. Kf1 e5 23. Nd5 Qh4 24. Rxf8+ Kxf8 25. e3 Be6 26. Ke2 Qg3 27. Nxc7 Qxg2+ 28. Kd3 Qf1+ 29. Kd2 Rc8 30. Nxe6+ Ke7 31. c5 Qf2+ 32. Kc3 Qxc2+ 33. Kxc2 Kxe6 34. Bb2 h5 35. Rh1 g6 36. Rg1 Nxe3+ 37. Kd3 Ng4 38. d5+ Ke7 39. Kc4 a6 40. a4 Kd7 41. Bc1 a5 42. Kb5 axb4 43. cxd6 b3 44. Ba3 Rc2 45. Rb1 Nf2 46. Rxb3 Nxe4 47. Bb4 Nxd6+ 48. Kb6 g5 49. a5 g4 50. Bxd6 Kxd6 51. Kxb7 Ra2 52. a6 Kxd5 53. a7 h4 54. Rb4 Rxa7+ 55. Kxa7 e4 56. Rb5+ Ke6 57. Rh5 h3 58. Kb6 e3 59. Rh8 Kf7 60. Rh7+ Kg6 0-1